Größte Städte der Welt nach Buchstabe - G - Statistiken

Allgemein
  • Dieses Quiz wurde 97 mal gespielt
  • Das Durchschnittsergebnis liegt bei 4 aus 9
Antwortstatistiken
Einwohner Land Stadt % Korrekt
3.35 Mio. Guatemala Guatemala-Stadt
96%
70.1 Mio. China Guangzhou
88%
5.85 Mio. Mexiko Guadalajara
74%
3.30 Mio. Ecuador Guayaquil
38%
2.05 Mio. Malaysia George Town
22%
2.45 Mio. Brasilien Goiânia
21%
5.05 Mio. China Guiyang
19%
2.075 Mio. China Ganzhou
10%
3.15 Mio. Pakistan Gujranwala
4%
Keine übereinstimmenden Quizze gefunden
Verteilung der Resultate
Anzahl Personen mit jedem Resultat
Perzentil nach korrekt beantworteten Fragen
Ihre Resultats-Entwicklung
Sie haben dieses Quiz noch nicht gespielt